| 000 -NÁVESTIE |
| fixed length control field |
00816nam a2200265 a 4500 |
| 008 - ÚDAJE S PEVNOU DĹŽKOU – VŠEOBECNÉ INFORMÁCIE |
| fixed length control field |
040310s1981 xo zyg 0 und c |
| 020 ## - MEDZINÁRODNÉ ŠTANDARDNÉ ČÍSLO KNIHY (ISBN) |
| Medzinárodné štandardné číslo knihy (ISBN) |
8088737362 |
| Údaje o dostupnosti |
12,50 |
| 040 ## - ZDROJ KATALOGIZÁCIE |
| Pôvodná katalogizujúca agentúra |
SNK |
| Jazyk katalogizácie |
slo |
| Prepisujúca agentúra |
SNK |
| Konvencie popisu |
AACR2 |
| 044 ## - KÓD KRAJINY VYDAVATEĽA/PRODUCENTA |
| Kód krajiny MARC |
xo |
| Kód krajiny ISO |
SK |
| 072 #7 - KÓD PREDMETOVEJ KATEGÓRIE |
| Kód predmetovej kategórie |
787 |
| Zdroj |
SNK |
| 080 ## - ČÍSLO MEDZINÁRODNÉHO DESATINNÉHO TRIEDENIA (MDT) |
| Číslo Medzinárodného desatinného triedenia (MDT) |
78.087.5 |
| 080 ## - ČÍSLO MEDZINÁRODNÉHO DESATINNÉHO TRIEDENIA (MDT) |
| Číslo Medzinárodného desatinného triedenia (MDT) |
787.1 |
| 084 ## - |
| -- |
1.1.1 |
| -- |
SNK |
| 100 1# - OSOBNÉ MENÁ – VŠEOBECNÉ INFORMÁCIE |
| Osobné meno |
Kořínek, Viliam |
| Kód roly |
cmp |
| 245 10 - NÁZOV |
| Názov |
Melodické etudy pre husle |
| Médium |
hudobnina |
| Zvyšok názvu |
v prvej polohe k stupniciam C dur - H dur / F dur - Ges dur |
| Údaj o zodpovednosti atď. |
Viliam Kořínek |
| 246 10 - INÁ FORMA NÁZVU |
| Hlavný názov/skrátený názov |
Tuneful Studies for Violin |
| 246 10 - INÁ FORMA NÁZVU |
| Hlavný názov/skrátený názov |
Melodische Etüden für Violine |
| 250 ## - ÚDAJ O PORADÍ VYDANIA |
| Údaj o poradí vydania |
[1. vyd.] |
| 260 ## - VYDAVATEĽSKÉ ÚDAJE, DISTRIBÚCIA ATĎ. |
| Miesto publikovania, distribúcie atď. |
Bratislava |
| Názov vydavateľa, distibútora atď. |
Opus |
| Dátum publikovania, distribúcie atď. |
1981 |
| 300 ## - FYZICKÝ POPIS |
| Rozsah |
1 partitúra (49 s.) |
| Rozmery |
31 cm |
| 650 07 - PRIDANÝ VSTUP – PREDMET – TEMATICKÉ HESLO |
| Tematické heslo alebo geografický názov ako vstupný prvok |
etudy (husle) |
| Zdroj hesla alebo termínu |
SNK |
| 650 07 - PRIDANÝ VSTUP – PREDMET – TEMATICKÉ HESLO |
| Tematické heslo alebo geografický názov ako vstupný prvok |
Hudba pre strunové a sláčikové nástroje |
| Zdroj hesla alebo termínu |
SNK |
| 924 ## - |
| -- |
husle |
| 958 ## - Formálny deskriptor |
| Formálny deskriptor |
HHU |